000 00551nam a22001817a 4500
005 20240422145139.0
008 240422b |||||||| |||| 00| 0 eng d
020 _a9781292159041
082 _a005.117
_bBAR-O
100 _aBarnes, David j.
245 _aObjects first with Java :
_bA practical introduction using blue /
_cMichael Kolling
260 _aUSA:
_bPearson;
_c2017
300 _axiii, 630p. :
_bill;
_c24 cm.
500 _ainclude index.
650 _acomputer science/java programming language
700 _aMichael Kolling
999 _c35571
_d35571